| 000 | 00858cam a2200241 i 4500 | ||
|---|---|---|---|
| 003 | SA-RiAUC | ||
| 005 | 20250825063723.0 | ||
| 008 | 250822s1979 su g 00000dara c | ||
| 040 |
_aSA-RiAUC _bara _cSA-RiAUC _erda |
||
| 043 | _af------ | ||
| 082 | 0 | 4 | _a260.9 |
| 090 |
_a260.9 _bح س ي |
||
| 100 | 1 |
_aحسين، أبو لبابة. _eمؤلف. |
|
| 245 | 1 | 0 |
_aموقف متصوفة إفريقيا وزهادها من الاحتلال العبيدي / _cأبو لبابة حسين. |
| 264 | 1 |
_aالرياض : _bدار اللواء، _c1979 |
|
| 300 |
_a47 صفحة ؛ _c20 سم |
||
| 336 |
_aنص _btxt _2rdacontent _3كتاب |
||
| 337 |
_aبدون وسيط _bn _2rdamedia |
||
| 338 |
_aمجلد _bnc _2rdacarrier |
||
| 650 | 7 |
_aالتصوف الإسلامي _xتاريخ _2aucsh |
|
| 942 |
_2ddc _cBOOK _n0 |
||
| 949 |
_aSA-JeALM _d250822 _umohamedma123 _n1 |
||
| 999 |
_c11087 _d11087 |
||